Datum a čas kvízu
23
Celkem bodů
Celkový počet nahraných bodů na tomto kvízu bez doplňovacích otázek.
5.
Pořadí na kvízu
Konečné umístění týmu na tomto kvízu.
Zaznamenané odpovědi
| # | Otázka | Odpověď | Body | Výsledky |
|---|---|---|---|---|
| 1. | Facebook minulý týden zablokov... | Trutnov | 0 | |
| 2. | Syn jednoho amerického politik... | Donald Trump (mladší) | 1 | |
| 3. | Která moderátorka zábavné sout... | Tereza Kostková | 1 | |
| 4. | Další z diskontních řetězců pů... | Penny Market | 0 | |
| 5. | Polský fotbalový klub z nižší... | B | 0 | |
| 6. | Pojďme se společně chvíli troc... | Vilém | 0 | |
| 7. | I v nevinně vypadajících hračk... | Annabelle | 1 | |
| 8. | Máloco člověku způsobilo takov... | A) Doktor spánek | 1 | |
| 9. | Dokážete správně přiřadit tyto... | 1C 2A 3D 4B | 1 | |
| 10. | Bílá paní je nejen nadpřirozen... | gin | 0 |